| 000 | 00633nam a2200241Ia 4500 | ||
|---|---|---|---|
| 008 | 170712s9999 xx 000 0 und d | ||
| 020 | _a9710829319 | ||
| 050 | _a641.59 | ||
| 050 | _bF118 1986 | ||
| 100 | _aFabian, Rosario | ||
| 245 | _aAling Charing's Filipino & Foreign recipes / | ||
| 245 | _cby Rosario Fabian and Aling Charing. | ||
| 260 | _aPhilippines : | ||
| 260 | _bNational Book Store, | ||
| 260 | _c1986 | ||
| 300 | _a141 pages : | ||
| 300 | _billustrations ; | ||
| 300 | _c20cm. | ||
| 650 | _aCharing, Aling. | ||
| 650 | _aCooking, Philippine. | ||
| 650 | _aInternational cooking. | ||
| 650 | _xTitle. | ||
| 999 |
_c340356 _d340356 |
||